[Event "29th Czech Open A 2018"]
[Site "Pardubice CZE"]
[Date "2018.07.25"]
[Round "6.18"]
[White "Lalic, Bogdan"]
[Black "Plat, Vojtech"]
[Result "1/2-1/2"]
[WhiteTitle "GM"]
[BlackTitle "GM"]
[WhiteElo "2394"]
[BlackElo "2543"]
[WhiteFideId "409081"]
[BlackFideId "325740"]
[EventDate "2018.07.20"]

1. d4 Nf6 2. c4 g6 3. Nc3 d5 4. Nf3 Bg7 5. Qb3 dxc4 6. Qxc4 O-O 7. e4 Nfd7 8.
Be3 Nb6 9. Qb3 Bg4 10. Rd1 Nc6 11. d5 Ne5 12. Be2 Nxf3+ 13. gxf3 Bh3 14. Rg1 Qc8
15. a4 c6 16. a5 Nd7 17. Rg3 Nf6 18. f4 Bg4 19. Bxg4 Nxg4 20. e5 Nxe3 21. fxe3
Rd8 22. e4 Bh6 23. Ne2 cxd5 24. exd5 Qc5 25. Rc3 Qxa5 26. Qxb7 Rab8 27. Qc7 Qb4
28. Kf2 Qe4 29. Rc4 Qf5 30. Qxe7 Re8 31. Qh4 Bg7 32. Kg1 g5 33. Qxg5 Qxg5+ 34.
fxg5 Bxe5 35. Ng3 Bxg3 1/2-1/2

[Event "29th Czech Open A 2018"]
[Site "Pardubice CZE"]
[Date "2018.07.25"]
[Round "6.19"]
[White "Zakhartsov, Viacheslav V."]
[Black "Vokac, Marek"]
[Result "1-0"]
[WhiteTitle "GM"]
[BlackTitle "GM"]
[WhiteElo "2539"]
[BlackElo "2384"]
[WhiteFideId "4115333"]
[BlackFideId "300101"]
[EventDate "2018.07.20"]

1. d4 Nf6 2. c4 g6 3. Nc3 Bg7 4. e4 d6 5. Nf3 O-O 6. Be2 e5 7. O-O Nc6 8. d5 Ne7
9. b4 c6 10. dxc6 bxc6 11. Bg5 Be6 12. Rc1 d5 13. exd5 cxd5 14. Nxe5 Qd6 15.
cxd5 Qxe5 16. Bxf6 Bxf6 17. dxe6 Qxe6 18. Bf3 Rad8 19. Qa4 Rd3 20. Ne4 Bd4 21.
Nc5 Bxc5 22. bxc5 Qf6 23. Bb7 Nf5 24. Kh1 Qb2 25. Qxa7 Qd4 26. Qa6 Rc3 27. Rxc3
Qxc3 28. c6 Re8 29. Qb6 Re7 30. a4 Kg7 31. Qb1 Nd4 32. Rc1 Qa5 33. Qa1 f6 34. h3
Nb3 35. Qc3 Qg5 36. c7 Nxc1 37. c8=Q Ne2 38. Q3c4 Nf4 39. Q4g8+ Kh6 40. Qcf8+ 1-0

[Event "29th Czech Open A 2018"]
[Site "Pardubice CZE"]
[Date "2018.07.25"]
[Round "6.20"]
[White "Bruedigam, Martin"]
[Black "Praggnanandhaa, R"]
[Result "1/2-1/2"]
[WhiteTitle "IM"]
[BlackTitle "IM"]
[WhiteElo "2387"]
[BlackElo "2529"]
[WhiteFideId "24608033"]
[BlackFideId "25059530"]
[EventDate "2018.07.20"]

1. e4 c5 2. Nf3 e6 3. g3 Nc6 4. Bg2 Nf6 5. Nc3 d6 6. d4 cxd4 7. Nxd4 Bd7 8. O-O
Be7 9. Re1 O-O 10. Nxc6 Bxc6 11. e5 dxe5 12. Bxc6 bxc6 13. Qxd8 Rfxd8 14. Rxe5
Nd5 15. Bg5 Bxg5 16. Rxg5 Nxc3 17. bxc3 Rd5 18. Rxd5 cxd5 19. c4 dxc4 20. Rb1 g6
21. Rb7 Rd8 22. Rxa7 Rd1+ 23. Kg2 Rc1 24. Rc7 Rxc2 25. a4 g5 26. Rc5 h6 27. a5
c3 28. a6 Ra2 29. Rxc3 Rxa6 30. Rc4 Kg7 31. h4 Kg6 32. hxg5 hxg5 33. g4 Ra7 34.
Kg3 Rd7 35. f3 Kf6 36. Rc5 Rd5 37. Rc7 Rd3 38. Rb7 Kg6 39. Rb6 Rd2 40. Rc6 Kg7
41. Rc5 Kf6 42. Rc7 Rd6 43. Rb7 Kg6 44. Rb8 Kf6 45. Rb7 e5 46. Rb5 Ke6 47. Ra5
Rb6 48. Kf2 Kd6 49. Ra7 f6 50. Ra5 Ke6 51. Kg3 f5 52. gxf5+ Kxf5 53. Ra8 Rb3 54.
Rf8+ Kg6 55. Rg8+ Kf6 56. Rf8+ Kg7 57. Re8 Kf6 58. Rf8+ Ke7 59. Rf5 Ke6 60. Rxg5
e4 61. Kf4 exf3 62. Kg3 Kf6 63. Ra5 Re3 64. Kf2 Re5 65. Rxe5 Kxe5 66. Kxf3 1/2-1/2

[Event "29th Czech Open A 2018"]
[Site "Pardubice CZE"]
[Date "2018.07.25"]
[Round "6.21"]
[White "Rakesh, Kumar Jena"]
[Black "Gallego Alcaraz, Andres Felipe"]
[Result "1-0"]
[WhiteTitle "IM"]
[BlackTitle "IM"]
[WhiteElo "2385"]
[BlackElo "2504"]
[WhiteFideId "5084822"]
[BlackFideId "4402669"]
[EventDate "2018.07.20"]

1. e4 e6 2. d4 d5 3. Nd2 Nf6 4. e5 Nfd7 5. Bd3 c5 6. c3 Nc6 7. Ngf3 g6 8. O-O
Bg7 9. b3 O-O 10. Bb2 f6 11. exf6 Qxf6 12. c4 cxd4 13. cxd5 exd5 14. Bb5 Qf4 15.
Rc1 Nde5 16. Bxc6 Nxc6 17. b4 Nxb4 18. Qb3 Nc6 19. Qxd5+ Qf7 20. Qb5 Qxa2 21.
Rfe1 a6 22. Qb6 Bg4 23. h3 Bxf3 24. Nxf3 Rf7 25. Nxd4 Rxf2 26. Nxc6 Rxb2 27.
Ne7+ Kh8 28. Nxg6+ hxg6 29. Qxg6 Qd5 30. Re4 Qd8 31. Qh5+ Kg8 32. Rce1 Qb6+ 33.
Kh1 Qh6 34. Qd5+ Kh8 35. Re8+ Rxe8 36. Rxe8+ Kh7 37. Qg8+ Kg6 38. Re6+ Kg5 39.
Rxh6 Kxh6 40. Qe6+ Kh7 41. h4 Rb5 42. Qe4+ 1-0

[Event "29th Czech Open A 2018"]
[Site "Pardubice CZE"]
[Date "2018.07.25"]
[Round "6.22"]
[White "Potapov, Pavel"]
[Black "Koykka, Pekka"]
[Result "1-0"]
[WhiteTitle "GM"]
[BlackTitle "FM"]
[WhiteElo "2500"]
[BlackElo "2382"]
[WhiteFideId "4169786"]
[BlackFideId "504319"]
[EventDate "2018.07.20"]

1. Nf3 Nf6 2. g3 d5 3. Bg2 e6 4. O-O Be7 5. d3 c5 6. Nbd2 Nc6 7. e4 b5 8. exd5
exd5 9. d4 c4 10. a4 Ba6 11. Ne5 Na5 12. axb5 Bxb5 13. Nb1 Bb4 14. Bd2 c3 15.
bxc3 Be7 16. Re1 Nc4 17. Nxc4 Bxc4 18. Na3 Ba6 19. c4 O-O 20. c5 Rb8 21. Nb1 1-0

[Event "29th Czech Open A 2018"]
[Site "Pardubice CZE"]
[Date "2018.07.25"]
[Round "6.23"]
[White "Hasangatin, Ramil"]
[Black "Meissner, Felix"]
[Result "1-0"]
[WhiteTitle "GM"]
[BlackTitle "FM"]
[WhiteElo "2497"]
[BlackElo "2354"]
[WhiteFideId "4122160"]
[BlackFideId "24671827"]
[EventDate "2018.07.20"]

1. d4 Nf6 2. Nf3 d5 3. c3 e6 4. Bf4 Bd6 5. e3 a6 6. Nbd2 c5 7. Bg3 Nc6 8. Bd3
Qe7 9. Ne5 Bxe5 10. dxe5 Nd7 11. f4 c4 12. Bc2 b5 13. O-O h5 14. e4 h4 15. Bf2
h3 16. g3 Bb7 17. exd5 exd5 18. Nf3 Nc5 19. Nd4 Nxd4 20. Bxd4 Ne4 21. Qg4 Qd7
22. Qxg7 O-O-O 23. f5 Rhg8 24. Qh6 f6 25. e6 Qd6 26. Qf4 Qe7 27. Rae1 Rg5 28.
Rxe4 dxe4 29. Bxe4 Rd5 30. Bxd5 Bxd5 31. Rd1 Qh7 32. Bxf6 Rxf5 33. Qd6 Qh5 34.
Qxa6+ Kc7 35. Qa5+ Kc8 36. Qd8+ Kb7 37. Qd7+ Kb8 38. Qxb5+ Kc8 39. Qa6+ Kb8 40.
Qb6+ Ka8 41. Qa6+ Kb8 42. Qb5+ Kc8 43. Qd7+ Kb8 44. Qd6+ Kb7 45. Qb4+ Ka6 46.
Qa4+ Kb7 47. e7 Qf3 48. Qb5+ Kc7 49. e8=N+ Kc8 50. Qa6+ Kd7 51. Qd6+ Kxe8 52.
Qe7# 1-0

[Event "29th Czech Open A 2018"]
[Site "Pardubice CZE"]
[Date "2018.07.25"]
[Round "6.24"]
[White "Gasanov, Eldar"]
[Black "Stoyanov, Tsvetan"]
[Result "1-0"]
[WhiteTitle "GM"]
[BlackTitle "FM"]
[WhiteElo "2475"]
[BlackElo "2348"]
[WhiteFideId "14104466"]
[BlackFideId "2917173"]
[EventDate "2018.07.20"]

1. Nf3 d5 2. e3 Nf6 3. c4 e6 4. b3 Be7 5. Bb2 O-O 6. d4 c5 7. Bd3 Nc6 8. O-O b6
9. Nbd2 Bb7 10. Rc1 cxd4 11. exd4 dxc4 12. bxc4 Re8 13. Qe2 Bf8 14. Rfd1 g6 15.
Nf1 Bg7 16. Ne3 Rc8 17. Bc2 Ne7 18. Ne5 Qc7 19. d5 Red8 20. Qf3 exd5 21. cxd5
Nexd5 22. Bxg6 Nxe3 23. Rxd8+ Rxd8 24. Rxc7 hxg6 25. Rxb7 Rd1+ 26. Qxd1 Nxd1 27.
Bd4 Ng4 28. f4 Nge3 29. Rxa7 Nf5 30. Bxb6 g5 31. Rxf7 Bxe5 32. Rxf5 Bxf4 33. g3
Bc1 34. a4 1-0

[Event "29th Czech Open A 2018"]
[Site "Pardubice CZE"]
[Date "2018.07.25"]
[Round "6.25"]
[White "Malinovsky, Karel"]
[Black "Mehar, Chinna Reddy C.H."]
[Result "1-0"]
[WhiteTitle "IM"]
[BlackTitle "FM"]
[WhiteElo "2472"]
[BlackElo "2286"]
[WhiteFideId "313874"]
[BlackFideId "5027420"]
[EventDate "2018.07.20"]

1. e4 g6 2. d4 Bg7 3. Nc3 d6 4. f4 a6 5. Nf3 b5 6. Bd3 Nd7 7. a4 b4 8. Ne2 Bb7
9. O-O Ngf6 10. Ng3 O-O 11. a5 e5 12. c3 Qe7 13. Re1 c5 14. dxe5 dxe5 15. Bc4
Ne8 16. f5 Nd6 17. Bd5 Bxd5 18. Qxd5 Nb5 19. cxb4 cxb4 20. Be3 Rfc8 21. h3 Nd4
22. Bxd4 exd4 23. e5 Rd8 24. Qe4 Nc5 25. Qg4 h5 26. Qf4 Nd3 27. Qe4 Nc5 28. f6
Qa7 29. Qh4 d3 30. Kh2 d2 31. Red1 Bh6 32. Nxh5 Ne6 33. Ng7 Bxg7 34. fxg7 Kxg7
35. Rxd2 Rxd2 36. Nxd2 Qc5 37. Qf6+ Kg8 38. Ne4 Qc7 39. Nd6 Ng7 40. Rf1 Rf8 41.
Qf4 b3 42. Qb4 Qe7 43. Qc5 Re8 44. Rc1 Rd8 45. Qd5 Ne8 46. Rd1 Kf8 47. Rd3 Rd7
48. Qd4 Qe6 49. Qf4 Kg8 50. Rd4 Rd8 51. Kh1 Rd7 52. Kh2 Rd8 53. h4 Rd7 54. g3
Re7 55. Nc4 Rd7 56. Rxd7 Qxd7 57. Nd6 Qe6 58. Qc4 Ng7 59. Qxa6 Kh7 60. Qe2 Qd5
61. a6 Qc5 62. Ne4 Qd4 63. Nf6+ Kh8 64. Qg2 Qa7 65. Qd2 1-0

[Event "29th Czech Open A 2018"]
[Site "Pardubice CZE"]
[Date "2018.07.25"]
[Round "6.26"]
[White "Henderson de La Fuente, Lance"]
[Black "Kucza, Karol"]
[Result "1/2-1/2"]
[WhiteTitle "IM"]
[BlackTitle "FM"]
[WhiteElo "2463"]
[BlackElo "2308"]
[WhiteFideId "32096585"]
[BlackFideId "1159755"]
[EventDate "2018.07.20"]

1. e4 e5 2. Nf3 Nf6 3. Nxe5 d6 4. Nf3 Nxe4 5. c4 Nc6 6. Nc3 Nxc3 7. bxc3 Be7 8.
d4 O-O 9. Be2 Bf5 10. O-O Bf6 11. Bf4 Re8 12. Re1 Na5 13. Qa4 b6 14. Rad1 Qd7
15. Qa3 Bc2 16. Rd2 Be4 17. Qc1 Qc6 18. d5 Qa4 19. Nd4 Nxc4 20. Bxc4 Qxc4 21.
Rde2 Qxd5 22. f3 Bxd4+ 23. cxd4 Qxd4+ 24. Kh1 Qc5 25. Qxc5 bxc5 26. Rxe4 Rxe4
27. Rxe4 Rb8 28. Kg1 Kf8 29. Ra4 Rb7 30. h4 Ke7 31. Kf2 Rb4 32. Rxb4 cxb4 33.
Ke3 c5 34. Kd3 Kd7 35. h5 a5 36. a4 Kc6 37. Kc4 g6 38. h6 d5+ 39. Kd3 Kd7 40.
Be5 Kc6 41. Bf6 Kd7 42. g3 Ke8 43. g4 Kd7 44. g5 Ke8 45. Be5 Kd7 46. Bb8 Kc6 47.
Ba7 c4+ 48. Kd4 b3 49. Kc3 Kb7 50. Bd4 Kc6 51. Kd2 Kc7 52. Ke3 Kd6 53. Kf4 Ke6
54. Ke3 Kd6 55. Kd2 Kc6 56. Kc3 Kc7 57. Bf2 Kc6 58. Be3 Kc7 59. Bc1 Kc6 60. Ba3
Kd7 61. Bc5 Kc6 62. Be7 Kd7 63. Bf6 Kc7 64. Kd2 Kd7 65. Bc3 Kc6 66. Bd4 Kb7 67.
Kc1 Kc6 68. Kb2 Kb7 69. Bf6 Kc7 70. Ka3 Kc6 71. Bd8 d4 72. Bxa5 Kd5 73. Kb2 d3
74. Bd2 Kc6 75. Kc3 Kb7 76. Kb2 Ka6 77. Bc3 Kb7 78. Ka3 Ka6 79. Kb2 Kb7 80. Ka3
Ka6 81. Kb2 Kb7 82. Ka3 1/2-1/2

[Event "29th Czech Open A 2018"]
[Site "Pardubice CZE"]
[Date "2018.07.25"]
[Round "6.27"]
[White "Mencinger, Vojko"]
[Black "Swayams, Mishra"]
[Result "1/2-1/2"]
[WhiteTitle "IM"]
[BlackTitle "IM"]
[WhiteElo "2342"]
[BlackElo "2463"]
[WhiteFideId "14600099"]
[BlackFideId "5028183"]
[EventDate "2018.07.20"]

1. d4 Nf6 2. Bf4 d5 3. e3 c5 4. c3 Nc6 5. Nd2 e6 6. Ngf3 cxd4 7. exd4 Nh5 8. Bg5
f6 9. Be3 Bd6 10. Bd3 Nf4 11. Bxf4 Bxf4 12. Qc2 g6 13. g3 Bd6 14. h4 e5 15. dxe5
fxe5 16. O-O-O Qf6 17. Ng5 Bf5 18. Bxf5 gxf5 19. Qb3 Ne7 20. Qb5+ Kf8 21. Qd7 h6
22. Nc4 hxg5 23. hxg5 Qxg5+ 24. f4 Rxh1 25. fxg5 Rxd1+ 26. Kxd1 dxc4 27. Qxd6
Rc8 28. g6 Ke8 29. Qe6 Rc6 30. Qf7+ Kd7 31. g7 Rc8 32. Qf6 e4 33. Qd4+ Ke6 34.
g4 fxg4 35. Qxe4+ Kf7 36. Qxg4 b6 37. Kc2 a6 38. Qd7 Rg8 39. Qa7 Rxg7 40. Qxb6
Rg2+ 41. Kc1 Rg6 42. Qd4 Rc6 43. b3 cxb3 44. axb3 Ke6 45. Kb2 Nc8 46. c4 Ne7 47.
Ka3 Rd6 48. Qa7 Rc6 49. Ka4 Kd6 50. Kb4 Nc8 51. c5+ Ke6 52. Qb7 Ne7 53. Kc4 Kf7
54. Qd7 Re6 55. Kb4 Kf6 56. Ka4 Rc6 57. b4 Re6 58. Qd4+ Kf7 59. Qc4 Kf6 60. Qf4+
Kg7 61. Ka5 Rf6 62. Qc7 Kf7 63. Qh2 Rc6 64. Qe2 Ke8 65. b5 axb5 66. Kxb5 Rg6 67.
Qe4 Kd8 68. Qa8+ Kd7 69. Qb7+ 1/2-1/2

[Event "29th Czech Open A 2018"]
[Site "Pardubice CZE"]
[Date "2018.07.25"]
[Round "6.28"]
[White "Garayev, Kanan"]
[Black "Vogel, Roven"]
[Result "1/2-1/2"]
[WhiteTitle "FM"]
[BlackTitle "IM"]
[WhiteElo "2300"]
[BlackElo "2462"]
[WhiteFideId "13406671"]
[BlackFideId "12908088"]
[EventDate "2018.07.20"]

1. d4 Nf6 2. c4 g6 3. Nc3 Bg7 4. g3 O-O 5. Bg2 d6 6. Nf3 Nbd7 7. O-O e5 8. e4 c6
9. b3 exd4 10. Nxd4 Re8 11. Bb2 h5 12. h3 Nc5 13. Re1 d5 14. cxd5 cxd5 15. exd5
Rxe1+ 16. Qxe1 Nd3 17. Qe2 Nxb2 18. Qxb2 h4 19. Rd1 Nh5 20. Ne4 Bf5 21. Qe2 Bxe4
22. Qxe4 hxg3 23. Ne2 gxf2+ 24. Kxf2 Nf6 25. Qb4 b6 26. d6 Rc8 27. Kg1 Bf8 28.
Qf4 Rc5 29. Ng3 a5 30. Rf1 Bxd6 31. Qxf6 Qxf6 32. Rxf6 Bxg3 33. Rxb6 Rc1+ 34.
Bf1 Rc2 35. Ra6 Rxa2 1/2-1/2

[Event "29th Czech Open A 2018"]
[Site "Pardubice CZE"]
[Date "2018.07.25"]
[Round "6.29"]
[White "Nasanjargal, Urtnasan"]
[Black "Kenneskog, Theodor"]
[Result "1-0"]
[WhiteTitle "FM"]
[BlackTitle "FM"]
[WhiteElo "2454"]
[BlackElo "2273"]
[WhiteFideId "4900774"]
[BlackFideId "1715011"]
[EventDate "2018.07.20"]

1. d4 Nf6 2. c4 g6 3. Nc3 d5 4. cxd5 Nxd5 5. e4 Nxc3 6. bxc3 Bg7 7. Bc4 c5 8.
Ne2 Nc6 9. Be3 O-O 10. O-O Na5 11. Bd3 b6 12. Qd2 e5 13. Bh6 cxd4 14. Bxg7 Kxg7
15. cxd4 exd4 16. f4 f6 17. Rac1 Qd6 18. f5 g5 19. Rfd1 Rd8 20. Bb5 Bb7 21. h4
Kh8 22. hxg5 Qe5 23. Bd3 fxg5 24. Qxg5 Rg8 25. Qf4 Rae8 26. Re1 Bxe4 27. Qxe5+
Rxe5 28. Nf4 Rg4 29. f6 1-0

[Event "29th Czech Open A 2018"]
[Site "Pardubice CZE"]
[Date "2018.07.25"]
[Round "6.30"]
[White "Pauly, Carlo"]
[Black "Kozak, Adam"]
[Result "0-1"]
[BlackTitle "IM"]
[WhiteElo "2312"]
[BlackElo "2446"]
[WhiteFideId "24673269"]
[BlackFideId "753246"]
[EventDate "2018.07.20"]

1. c4 e6 2. Nf3 Nf6 3. Nc3 d5 4. cxd5 exd5 5. d4 Be7 6. Bf4 c6 7. e3 Bf5 8. Be2
Nbd7 9. Ne5 Nxe5 10. Bxe5 O-O 11. O-O Nd7 12. Bg3 Nb6 13. Re1 Bd6 14. Na4 Nxa4
15. Qxa4 a5 16. Qb3 Bxg3 17. hxg3 Qd6 18. a3 a4 19. Qb6 Rfb8 20. Rac1 h6 21. Rc5
Qd8 22. Qb4 Ra7 23. Bd1 Rba8 24. Qc3 Ra6 25. f3 Ra5 26. Be2 Qc7 27. Kf2 h5 28.
Rh1 g6 29. g4 hxg4 30. e4 g3+ 31. Kf1 Be6 32. exd5 Bxd5 33. Rxa5 Qxa5 34. Qe3
Kg7 35. Qh6+ Kf6 36. Qh4+ Ke6 37. Qg4+ Ke7 38. Qxg3 Be6 39. Qf4 Rd8 40. Rh7 Qd5
41. Qh4+ g5 42. Qh6 Qf5 43. Qg7 Qf6 44. Kf2 Qxg7 45. Rxg7 Kf6 46. Rh7 Rxd4 47.
Ke3 Rd8 48. Rh6+ Kg7 49. Rh1 Kf6 50. g3 Bd5 51. Rh6+ Kg7 52. Rh2 Kf6 53. Rh6+
Ke7 54. Rh5 Rg8 55. Kd4 Kd6 56. Rh6+ Be6 57. f4 gxf4 58. gxf4 Rg2 59. Ke3 Kc5
60. f5 Bd5 61. Rh4 b5 62. f6 Rg3+ 63. Kd2 Rg2 64. Ke3 Rg3+ 65. Kd2 Kd6 66. Rh2
Ke5 67. Rh6 Ke6 68. Bh5 Rg2+ 69. Kc3 Rf2 70. Bg4+ Ke5 0-1

[Event "29th Czech Open A 2018"]
[Site "Pardubice CZE"]
[Date "2018.07.25"]
[Round "6.31"]
[White "Krapivin, Vladislav"]
[Black "Neuman, Petr"]
[Result "1/2-1/2"]
[WhiteTitle "IM"]
[BlackTitle "GM"]
[WhiteElo "2310"]
[BlackElo "2440"]
[WhiteFideId "4126149"]
[BlackFideId "305243"]
[EventDate "2018.07.20"]

1. e4 d6 2. d4 Nf6 3. Nc3 e5 4. dxe5 dxe5 5. Qxd8+ Kxd8 6. Nf3 Bd6 7. Bc4 Be6 8.
Bxe6 fxe6 9. Be3 h6 10. a3 Nc6 11. h4 g6 12. O-O-O Ng4 13. Rd3 Ke7 14. Nd1 b5
15. c4 Nxe3 16. Nxe3 b4 17. h5 bxa3 18. bxa3 gxh5 19. Rxh5 Raf8 20. c5 Bxc5 21.
Rc3 Bxe3+ 22. fxe3 Kd7 23. Rh1 Ne7 24. Rd1+ Kc8 25. Nxe5 Rd8 26. Rd4 Rxd4 27.
exd4 Rd8 28. Rc4 Rf8 29. Nc6 Nxc6 30. Rxc6 Kd7 31. d5 exd5 32. exd5 Rg8 1/2-1/2

[Event "29th Czech Open A 2018"]
[Site "Pardubice CZE"]
[Date "2018.07.25"]
[Round "6.32"]
[White "Das, Arghyadip"]
[Black "Nikologorsky, Matfei"]
[Result "1-0"]
[WhiteTitle "IM"]
[WhiteElo "2436"]
[BlackElo "2222"]
[WhiteFideId "5003610"]
[BlackFideId "24102474"]
[EventDate "2018.07.20"]

1. e4 c5 2. Nf3 e6 3. d4 cxd4 4. Nxd4 a6 5. Bd3 Qc7 6. O-O Nc6 7. Nb3 Nf6 8. f4
d6 9. Be3 Be7 10. N1d2 b6 11. c4 Bb7 12. Rc1 Nb8 13. Nd4 Nbd7 14. b4 h5 15. Kh1
g5 16. fxg5 Ng4 17. g6 Bf6 18. gxf7+ Kxf7 19. Bg1 Rag8 20. Qb3 Ke7 21. N2f3 Bxd4
22. Nxd4 Rh6 23. c5 dxc5 24. Nf5+ exf5 25. Qxg8 Qd6 26. Rcd1 Qg6 27. Qxg6 Rxg6
28. Rxf5 cxb4 29. Rxh5 Ngf6 30. Rh4 Nc5 31. Bc2 Ke6 32. Re1 a5 33. Bd4 Nfd7 34.
Rh8 Rg4 35. Rh6+ Ke7 36. Rxb6 Ba8 37. Rb5 Ne6 38. Bf2 Nf6 39. h3 1-0

[Event "29th Czech Open A 2018"]
[Site "Pardubice CZE"]
[Date "2018.07.25"]
[Round "6.33"]
[White "Punin, Andrii"]
[Black "Malakhov, Igor"]
[Result "1-0"]
[WhiteTitle "FM"]
[BlackTitle "IM"]
[WhiteElo "2296"]
[BlackElo "2431"]
[WhiteFideId "14112639"]
[BlackFideId "4183088"]
[EventDate "2018.07.20"]

1. Nf3 Nf6 2. b3 d5 3. Bb2 c5 4. e3 Nc6 5. Bb5 e6 6. O-O Bd6 7. c4 O-O 8. cxd5
exd5 9. d4 Bg4 10. dxc5 Bxc5 11. Nc3 Rc8 12. Rc1 Qd6 13. Be2 a6 14. Nd4 Bxd4 15.
Bxg4 Nxg4 16. Qxg4 Be5 17. h3 d4 18. Ne4 Qe7 19. exd4 f5 20. Qd1 Rcd8 21. Nc5
Bxd4 22. Bxd4 Nxd4 23. Re1 Qf7 24. Qd3 Rd5 25. Ne6 Re8 26. Nxd4 Red8 27. Red1
Qd7 28. Qc4 b5 29. Qc6 Qxc6 30. Rxc6 Rxd4 31. Rxd4 Rxd4 32. Rxa6 b4 33. g3 f4
34. Kg2 fxg3 35. fxg3 Kf7 36. h4 Rd3 37. Rb6 Rd2+ 38. Kf3 Rxa2 39. Rxb4 h5 40.
Kf4 Rg2 41. Rb5 g6 42. b4 Kf6 43. Rg5 Kg7 44. Ke4 Rd2 45. b5 Kf6 46. Rc5 Re2+
47. Kd4 Ke6 48. Rg5 Kf6 49. Kc5 1-0

[Event "29th Czech Open A 2018"]
[Site "Pardubice CZE"]
[Date "2018.07.25"]
[Round "6.34"]
[White "Lye, Lik Zang"]
[Black "Horvath, Dominik"]
[Result "1-0"]
[BlackTitle "IM"]
[WhiteElo "2270"]
[BlackElo "2429"]
[WhiteFideId "5712181"]
[BlackFideId "1642561"]
[EventDate "2018.07.20"]

1. c4 e6 2. Nf3 d5 3. e3 Nf6 4. Nc3 c5 5. d4 cxd4 6. exd4 Bb4 7. Bd3 dxc4 8.
Bxc4 O-O 9. O-O b6 10. Bg5 Bb7 11. Qe2 Nbd7 12. Rfd1 Bxc3 13. bxc3 Qc7 14. Rac1
Bxf3 15. gxf3 Nh5 16. Bd3 Nf4 17. Bxf4 Qxf4 18. Qe4 Qg5+ 19. Kh1 Nf6 20. Qe3 Qh5
21. c4 Rfd8 22. Bc2 Rac8 23. Bb3 h6 24. a4 Ne8 25. c5 Nf6 26. a5 b5 27. Bc2 a6
28. Be4 Nd5 29. Bxd5 Rxd5 30. c6 Rd6 31. Qe4 Qd5 32. c7 Qxe4 33. fxe4 Rd7 34.
Rc6 Rcxc7 35. Rxa6 Rc4 36. d5 Rxe4 37. d6 f6 38. Rb6 Rb4 39. a6 Kf7 40. Rb7 Ke8
41. Ra1 1-0

[Event "29th Czech Open A 2018"]
[Site "Pardubice CZE"]
[Date "2018.07.25"]
[Round "6.35"]
[White "Braeuer, Franz"]
[Black "Rakshitta, Ravi"]
[Result "1-0"]
[WhiteTitle "IM"]
[WhiteElo "2426"]
[BlackElo "2026"]
[WhiteFideId "24634468"]
[BlackFideId "25073230"]
[EventDate "2018.07.20"]

1. e4 e5 2. Nf3 Nc6 3. Bb5 a6 4. Ba4 Nf6 5. d3 b5 6. Bb3 Be7 7. O-O O-O 8. Re1
d6 9. Bd2 Bg4 10. c3 Na5 11. Bc2 c5 12. h3 Be6 13. Bg5 h6 14. Bh4 Nc6 15. Nbd2
g5 16. Bg3 g4 17. hxg4 Bxg4 18. Nf1 Nh5 19. Ne3 Qd7 20. Nxg4 Qxg4 21. Nxe5 Nxe5
22. Bxe5 Qxd1 23. Bxd1 dxe5 24. Bxh5 Bg5 25. g3 b4 26. cxb4 cxb4 27. Rad1 Rad8
28. d4 Rxd4 29. Rxd4 exd4 30. f4 Be7 31. Be2 a5 32. Rc1 Rd8 33. Bd3 Kf8 34. Kf2
f6 35. Rc7 a4 36. Ke2 Ra8 37. Bc4 a3 38. b3 Ra5 39. Rc8+ Kg7 40. Rg8+ Kh7 41.
Re8 Ra7 42. Kd3 Rd7 43. Rc8 Bd6 44. Rc6 h5 45. Be6 Rd8 46. Rc2 Kg6 47. Rh2 Rh8
48. Kxd4 h4 49. Ke3 Bc5+ 50. Kf3 Rd8 51. gxh4 Rd3+ 52. Kg4 Bd4 53. e5 Re3 54.
Bf5+ Kh6 55. e6 Bc3 56. Rh3 Re2 57. Kf3 Re1 58. Rh2 Bd4 59. Rd2 Bc5 60. Rd7 Be7
61. Rxe7 Rf1+ 62. Ke2 1-0

[Event "29th Czech Open A 2018"]
[Site "Pardubice CZE"]
[Date "2018.07.25"]
[Round "6.36"]
[White "Gonda, Laszlo"]
[Black "Kulkarni, Chinmay"]
[Result "1-0"]
[WhiteTitle "GM"]
[WhiteElo "2534"]
[BlackElo "2336"]
[WhiteFideId "720852"]
[BlackFideId "5023513"]
[EventDate "2018.07.20"]

1. d4 d5 2. c4 c6 3. Nf3 Nf6 4. g3 Bf5 5. Nc3 e6 6. Nh4 Bg6 7. Nxg6 hxg6 8. Qd3
Nbd7 9. Bg2 Be7 10. O-O O-O 11. Rd1 Qa5 12. Bf4 Rfd8 13. Rac1 Rac8 14. a3 Nh5
15. Bd2 Qa6 16. c5 Qxd3 17. exd3 e5 18. b4 exd4 19. Ne2 Ne5 20. Be1 Re8 21. Nxd4
Bf6 22. Bc3 Nd7 23. Bh3 Rcd8 24. Re1 Ne5 25. Re3 Bg5 26. f4 Nxf4 27. gxf4 Bxf4
28. Rce1 Bxe3+ 29. Rxe3 Re7 30. Nb3 Rde8 31. Rxe5 Rxe5 32. Bxe5 Rxe5 33. Na5 Re3
34. Bc8 Rxd3 35. Bxb7 Rxa3 36. Nxc6 Kf8 37. Kf2 Ke8 38. Nd4 Kd8 39. Ke2 Ra2+ 40.
Ke3 Rxh2 41. Bxd5 a6 42. Bxf7 Kc7 43. Bxg6 Rb2 44. Nc2 a5 45. bxa5 Ra2 46. Kd4
Rxa5 47. Kd5 Ra6 48. Bf5 Rf6 49. Nd4 Kb8 50. Ke5 Kb7 51. Be4+ Ka6 52. Ne6 Kb5
53. c6 Kb6 54. Kd6 g5 55. Bd5 Rf1 56. c7 1-0

[Event "29th Czech Open A 2018"]
[Site "Pardubice CZE"]
[Date "2018.07.25"]
[Round "6.37"]
[White "Mueller, Ralf1"]
[Black "Babula, Vlastimil"]
[Result "1/2-1/2"]
[WhiteTitle "FM"]
[BlackTitle "GM"]
[WhiteElo "2335"]
[BlackElo "2533"]
[WhiteFideId "4606612"]
[BlackFideId "301264"]
[EventDate "2018.07.20"]

1. d4 Nf6 2. Nf3 e6 3. c4 b6 4. g3 Ba6 5. Qc2 c5 6. d5 exd5 7. cxd5 Bb7 8. Bg2
Nxd5 9. O-O Be7 10. Rd1 Nc6 11. Nc3 Nxc3 12. bxc3 Qc7 13. Ng5 d6 14. Qf5 Ne5 15.
Bd5 Bxd5 16. Rxd5 g6 17. Qe4 O-O 18. Bf4 Rae8 19. Rad1 Bxg5 20. Bxg5 Re6 21. Bf4
Rfe8 22. Qa4 R8e7 23. e3 Qb7 24. Bxe5 dxe5 25. Qc4 e4 26. a4 Kg7 27. Qb3 Re5 28.
Rd8 h5 29. c4 f6 30. R1d6 Rf7 31. Qb5 Ree7 1/2-1/2

[Event "29th Czech Open A 2018"]
[Site "Pardubice CZE"]
[Date "2018.07.25"]
[Round "6.38"]
[White "Kislinsky, Alexey"]
[Black "Swicarz, Maciej"]
[Result "1/2-1/2"]
[WhiteTitle "GM"]
[WhiteElo "2502"]
[BlackElo "2333"]
[WhiteFideId "14108801"]
[BlackFideId "1113585"]
[EventDate "2018.07.20"]

1. e4 c6 2. d4 d5 3. exd5 cxd5 4. c4 Nf6 5. Nc3 Nc6 6. Nf3 Bg4 7. Bg5 Ne4 8.
cxd5 Nxg5 9. dxc6 bxc6 10. Be2 Nxf3+ 11. Bxf3 Bxf3 12. Qxf3 Rc8 13. O-O e6 14.
Qg4 h5 15. Qe2 Be7 16. Rac1 Qd7 17. Rfd1 g6 18. Ne4 O-O 19. Rc4 Rfd8 20. Rdc1
Qb7 21. b3 Qb6 22. Qe3 Qa5 23. Ra4 Qb6 24. h3 Rd5 25. Rcc4 Kg7 26. Qc1 Rc7 27.
g3 Kg8 28. Kg2 Kg7 29. Qc3 Kg8 30. Rc5 e5 31. Rb4 exd4 32. Rxb6 dxc3 33. Rcxc6
Rc5 34. Rb8+ Kg7 35. Rxc5 Bxc5 36. Nxc3 Bxf2 37. Ne4 Bb6 38. g4 hxg4 39. hxg4
Rc2+ 40. Kf3 Rxa2 41. g5 Ra5 42. Rc8 Rf5+ 43. Ke2 Rb5 44. Re8 Bc7 45. Ra8 Bb8
46. Kd3 Rxb3+ 47. Kc4 Rb1 48. Nf6 Rb2 49. Kc5 a6 50. Kc6 Rb5 51. Ne8+ Kh7 52.
Nf6+ Kg7 53. Ne8+ Kh7 54. Nf6+ Kh8 55. Rxa6 Rb2 56. Ra3 Kg7 57. Ra8 Rb1 58. Kd5
Rb2 59. Kc6 Rb3 60. Kc5 Rb1 1/2-1/2